000 00264nam a2200109Ia 4500
008 200302s9999 xx 000 0 und d
100 _aFred Lawson
245 _aPrinciples of Catering Design
260 _bArchitectural Press Ltd.
260 _c1973
300 _a148 P.,
999 _c255
_d255